000
00276nam a22001097a 4500
008
170110b xxu||||| |||| 00| 0 eng d
020
_a
999600046X
041
_a
eng
080
_2
3RD
_a
618.2
245
_a
HEALTH ASSESMENT FOR NURSING PRACTICE
_c
WILSON & GIDDENS
942
_2
udc
_c
BK
999
_c
2619
_d
2619